000 00841nam a22002537a 4500
005 20170123162330.0
010 _a535864
020 _c00.00
035 _a535864
037 _bCen Lib/Ret
040 _aDPL
_bUR
082 _aک
_bش ه ب
245 _a١٩٤٧ کے منتخب افسانے /
_cمرتبین شہباز حسن ]اور[ بریح الزمان
246 _a1947 ke muntakhab afsane /
_bcompiled by Shahbaz Husain [and] Bareeh Alzaman
260 _bنازش بک ڈیپو
_c1868
300 _a176p.
_c18cm(Hb)
650 _aادب -- اردو
_9120886
650 _aاردو افسانے
_9120887
650 _aLiterature -- Urdu
_9120888
650 _aUrdu stories
_9120889
700 _aشہباز حسن
_9120890
700 _a بریح الزمان
_9120891
942 _2ddc
_cUR
_hک
_mش ه ب
999 _c107705
_d107705